Az Auchan Magyarország Kft. disztribúciós rendszerének és raktározási folyamatainak vizsgálata

Bibliographic Details
Main Author: Légrádi Éva
Other Authors: Orbán Dr. Gabriella
Format: Thesis
Kulcsszavak:Logisztika
Logisztikai folyamatok
Disztribúció
Raktározás
Magasraktár
Online Access:http://dolgozattar.uni-bge.hu/3948

MARC

LEADER 00000nta a2200000 i 4500
001 dolg3948
005 20160519143033.0
008 151207suuuu hu om 000 hun d
040 |a BGE Dolgozattár Repozitórium  |b hun 
041 |a hu 
100 1 |a Légrádi Éva 
245 1 3 |a Az Auchan Magyarország Kft. disztribúciós rendszerének és raktározási folyamatainak vizsgálata  |c Légrádi Éva  |h [elektronikus dokumentum] 
695 |a Logisztika 
695 |a Logisztikai folyamatok 
695 |a Disztribúció 
695 |a Raktározás 
695 |a Magasraktár 
700 1 |a Orbán Dr. Gabriella  |e ths 
856 4 0 |u http://dolgozattar.uni-bge.hu/3948/1/L%C3%A9gr%C3%A1di%20%C3%89va%20szakdolgozat.pdf  |z Dokumentum-elérés